01766 a2200253 4500003000500000005001700005010001700022020002800039040000900067082001500076100002500091245004800116250001200164260003400176300003600210505085100246650004101097650003401138856009101172856009201263942001301355999001901368952012501387Nust20230221154247.0 a 2003060457 a0387201564 (alk. paper) cNust00a621.34,IDA1 aIda, Nathan.910919710aEngineering electromagnetics /cNathan Ida. a2nd ed. aNew York :bSpringer,cc2004. axvii, 1235 p. :bill. ;c25 cm. aVector Algebra (Page-1), Vector Calculus (Page-57), Coulomb's Law And The Electric Field (Page-121), Gauss's Law And The Electric Potential (Page-173), Boundary Value Problems : Analytic Methods Of Solution (Page-281), Boundary Value Problems : Numerical (Approximate) Methods (Page-351), The Steady Electric Current (Page-415), The Static Magnetic Field (Page-469), Magnetic Materials And Properties (Page-523), Faraday's Law And Induction (Page-629), Maxwell's Equations (Page-687), Electromagnetic Waves And Propagation (Page-725), Reflection And Transmission Of Plane Waves (Page-807), Theory Of Transmission Lines (Page-877), The Smith Chart, Impedance Matching, And Transmission Line Circuits (Page-955), Transients On Transmission Lines (Page-999), Waveguides And Resonators (Page-1043), Antennas And Electromagnetic Radiation (Page-1121). 0aElectromagnetismxMathematics.92849 0aTelecommunication Engineering423Publisher descriptionuhttp://www.loc.gov/catdir/enhancements/fy0823/2003060457-d.html423Table of contents onlyuhttp://www.loc.gov/catdir/enhancements/fy0823/2003060457-t.html cREF2ddc c180085d180085 00102ddc4070aMCSbMCScREFd2016-12-12o621.34,IDApMCS34601r2016-12-08w2016-12-12yREFzAlmirah No.71, Shelf No.1